|
|
|
|
| LEADER |
00751nam a2200205 a 4500 |
| 001 |
c000226440 |
| 003 |
CARM |
| 005 |
20061129174136.0 |
| 008 |
831205s1975 nyu 000 1 eng d |
| 019 |
1 |
|
|a 41358512
|5 LACONCORD2021
|
| 035 |
|
|
|a (OCoLC)9885929
|5 LACONCORD2021
|
| 040 |
|
|
|a VCAV
|c VCAV
|
| 100 |
1 |
|
|a Harrison, Harry,
|d 1925-
|
| 245 |
1 |
0 |
|a Stonehenge /
|c [by] Harry Harrison & Leon Stover.
|
| 260 |
|
|
|a New York :
|b Manor,
|c 1975.
|
| 300 |
|
|
|a 254 p.
|
| 700 |
1 |
|
|a Stover, Leon E.
|q (Leon Eugene),
|e joint author.
|
| 852 |
8 |
|
|b CARM
|h A2:AI11H0
|i A03478
|p 0341136
|f BK
|
| 999 |
f |
f |
|i ab8635b2-efe4-5c69-8ad8-ca3fa6ec26fa
|s 6ec9ebde-a1ab-5933-a762-5aaca96fa0d4
|
| 952 |
f |
f |
|p Can circulate
|a CAVAL
|b CAVAL
|c CAVAL
|d CARM 1 Store
|e A03478
|f A2:AI11H0
|h Other scheme
|i book
|m 0341136
|